Throne of Glass series Ultimate Character Quiz - Statistics

General Stats
  • This quiz has been taken 11,465 times
    6,888 since last reset
  • The average score is 57 of 218
Answer Stats
Hint Answer % Correct
Main Character Queen Aelin Ashryver Galathynius
99%
New King of Adarlan, has raw magic King Dorian Havilliard
93%
Cousin of the main character Aedion Ashryver
90%
Main character's dog Fleetfoot
85%
Ex Captain of the Guard, Now the King's Hand Chaol Westfall
84%
Princess of Eyllwe Nehemia Ytger
82%
Fae Prince who trained the main character in magic Prince Rowan Whitethorn
82%
Ex-Blackbeak Heir, half Ironteeth half Crochan Manon Blackbeak
81%
Shapeshifter, courtesan Lysandra
79%
Queen of the Fae, the dark queen Queen Maeve
78%
Tortured to death by the Crime Lord Sam Cortland
77%
Half Fae first Queen of Adarlan Elena Galathynius Havilliard
76%
King of the Assassins Arobynn Hamel
75%
Half Fae male, was part of the cadre Lorcan Salvaterre
74%
Golden haired Second Asterin
72%
The Dark Lord Erawan
72%
^His daughter, brought to Morath Lady Elide Lochan
71%
Part of the cadre, White Wolf of Doranelle Fenrys
68%
Fae male, the Lion of Doranelle Gavriel
68%
Sun and fire Goddess Mala
67%
Young thief from Perranth Nox Owen
66%
Gifted healer from Fenharrow, Yrene Towers
66%
First King of Terrasen Brannon Galathynius
64%
First King of Adarlan Gavin Havilliard
64%
The Pirate Lord Captain Rolfe
63%
Previous ruler of Adarlan King of Adarlan
63%
Her^ wyvern Abraxos
62%
Complains of headaches and as an opium addiction, is taken to Morath Lady Kaltain Rompier
62%
Neith's Arrow, Born on the Southern continent, now has a ruk Nesryn Faliq
61%
Summoned the ridderak Cain
60%
The youngest and fairest of the three Fae sister queens Mab
60%
Heir to the Lord of Allsbrook Ren Allsbrook
60%
Main character's mother Evalin Galathynius
58%
The younger Havilliard brother Hollin Havilliard
58%
Main characters father Rhoe Galathynius
58%
Wine-red hair and red-brown eyes, from the Flatlands, returned to crown herself Queen Ansel
57%
Badly scarred 11 year old Evangeline
56%
The solid Third Sorrel
53%
Assassin responsible for the Eyllwe Princess' death Grave
52%
The king's most trusted advisor Duke Perrington
49%
The bronze door knocker Mort
49%
The Winged Prince, ruk rider Sartaq
48%
One of the healers in the palace, also is a spy for the Terrasen rebels Sorscha
47%
Newest member of the cadre, sadist Cairn
46%
King of Adarlan's cousin, was killed by witches Lord Roland Havilliard
46%
Was Queen of Adarlan Queen Georgina
46%
One of the Thirteen, red-haired Vesta
45%
Good-looking member of the rebel group in Rifthold Archer Finn
44%
Sold flowers in the market of Doranelle,was killed in her mountain home when she was pregnant Lyria
44%
Goddess of Healing and Healers Silba
44%
Goddess of the Hunt and Maidens, keeper of the Moon, eternal rival to and sister of the Sun Goddess Deanna
43%
King of Assassins' bodyguard Wesley
43%
The Mute Masters son Ilias
42%
Yellowlegs heir Iskra
42%
Sacrificed herself to let the main character escape Lady Marion
42%
Young demi-Fae who works in the kitchen at Mistward Luca
42%
Blueblood heir Petrah
42%
Crown Prince of Wendlyn Galan Ashryver
40%
The cunning one of three Fae sister queens, appears as a hawk Mora
40%
Matron of the Yellowlegs killed by the main character Baba Yellowlegs
39%
Part of the cadre, twin to the White Wolf Connall
39%
God of bloody deaths Hellas
39%
Deceased King of Terrasen King Orlon Galathynius
38%
Fae male, part of the cadre, second form is an osprey Vaughan
35%
Old demi-Fae who works in the kitchen at Mistward Emrys
34%
Lord of Perranth Vernon Lochan
33%
One of the handsomer guards Ress
32%
The other of the two Shadows Briar
31%
Madam of most of the courtesans Clarisse
31%
Oldest daughter of the Khagan Hasar
31%
The Lady of Wise Things, Clever Goddess Anneith
30%
The other green-eyed twin witch Fallon
30%
One of the Thirteen, went to human school Ghislaine
30%
From Terrasen, one of the remaining lords who holds the most sway Lord Weylan Darrow
30%
Crochan caught in the Ferrian Gap, from the Royal Crochan bloodline Rhiannon
30%
Weapons Master Theodus Brullo
30%
Old man part of the rebel group, grandfather to the heir of Allsbrook Lord Murtaugh
29%
The Crime Lord Rourke Farran
29%
^ younger brother Terrin Westfall
29%
One of three Valg Kings Orcus
28%
Grandghter and heir of ^ Borte
27%
Possessed by the Valg, pregnant Duva
27%
Green-eyed twin witch Faline
27%
The ever-smiling assassin Ben
26%
One of the two Shadows Edda
26%
Blueblood heir's wyvern Keelie
26%
Leader of the Silent Assasins The Mute Master
26%
A horse whose name means butterfly Farasha
25%
Commands the armies of the Khagan Kashin
25%
One of the Thirteen, wasn't effected by the Valg Imogen
24%
One of the fallback sentries Linnea
24%
^Husband of the above Lord Cal
24%
King of Assassin's lackey Tern
23%
Healer on High Hafiza
22%
Beautiful singer Rena Goldsmith
22%
One of the Thirteen, effected by the Valg Thea
22%
Considered one of the best wyvern bulls Titus
22%
Older Eyllwe man captured as a slave in the Pirate Islands Dia
21%
Grew up with Prince Whitethorn, fought in the naval battle Endymion Whitethorn
21%
One of the Thirteen, effected by the Valg Kaya
21%
One of three Valg Kings Mantyx
21%
Main character's personal servant Philippa Spindlehead
21%
Older male demi-Fae who works as a sentry Malakai
20%
Youngest Whitethorn cousin Princess Sellene Whitethorn
20%
Shape-shifter, sold 20 years of his life for Spidersilk Falkan Ennar
19%
Stolen Asterion mare Kasida
19%
His ruk^ Kadara
18%
Became Lord of Suria Sol
18%
Goddess of Wild things Temis
17%
Beloved of the dark queen Athril
16%
Part of the Assassin's Guild, follows Arobynn to the Vaults Harding
16%
Original Crime Lord Ioan Jayne
16%
Guards Arobynn in the Vaults Mullin
16%
Matron of the Blueblood clan Cresseida
15%
Well known dance teacher Madam Florine
15%
A mercenary that competed to be the King's Champion Renault
15%
Senior healer at the palace Amithy
14%
Oldest son of the Khagan, Prince of Spies Arghun
14%
^Her nurse Finnula
14%
Matron of the Blackbeak clan Mother Blackbeak
14%
Youngest daughter of the Khagan, killed by her Valg-possessed sister Tumelun
14%
The Eye Eater Bill Chastain
13%
Lord of Suria's brother Ravi
13%
Ruk rider, engaged to^, one of the Berlad Yeran
13%
The other barmaid at the White Pig Inn Jessa
12%
Was betrayed and killed by the girl he loved Mikhail
12%
The youngest assassin competing to be the King's Champion Pelor
12%
Broke the Crown Prince's heart Rosamund
12%
The sentry who betrayed and let the enemy into Mistward Bas
11%
Lord of the Gods Lumas
11%
Leader of the travelling troupe Molly
11%
Deceased favourite mistress of The King of Assassins Mrs Cortland
11%
Owner of the White Pig Inn Nolan
11%
Former lover of Fae prince Remelle
11%
Lover of ^ Renia
11%
Loud-mouthed thief Verin Ysslych
11%
Brought the an armada to the Dead Islands General Narrok
10%
Bears a scar on his cheek from a dagger thrown by the main character Gregori
10%
Goddess of Dreams Lani
10%
Tried to break the curse with a Crochan prince, killed by the Blackbeak Matron Lothian Blackbeak
10%
Calls himself Master Thief of Melisande Xavier Forul
10%
God of War Farnor
9%
Broke the Captain of the Guard's heart Lithaen
9%
The Scythe Ned Clement
9%
Deceased king of Terrasen's Captain of the Guard Quinn
9%
The Khagan of the Southern Continent Urus
9%
Had his office broken into at a masked ball Davis
8%
Pretty blonde woman clad in lavender pointed out by the Queen of Adarlan Elise
8%
Instructor at the Torre Eretia
8%
Her mother^ Josefin Towers
8%
Was responsible for handling the Eyllwe Princess Minister Mullison
8%
Dark haired beauty, part of the travelling troupe Ombriel
8%
The expelled soldier who tried to escape and was killed Sven
8%
Sister of ^ Delara Faliq
7%
Yellowlegs heir's wyvern Fendir
7%
The Pirate Lord's lover Jacqueline
7%
Servant of Westfall when he was recovering Kadja
7%
Conductor at the Royal Theatre, deceased Pytor
7%
Ruk, Recently given to ^^ Salkhi
7%
Makes the best pear tarts Sayed Faliq
7%
Rebel leader Sen
7%
His animal form is a pig Sten
7%
Sea Goddess Tehome
7%
One eyed, hulking pirate Captain Captain Blackgold
6%
Hearth-mother Houlun
6%
Lord of Xandria Lord Berick
6%
One of the remaining lords of Terrasen, refused to acknowledge the Queen Lord Gunnar
6%
One of the remaining lords of Terrasen, refused to acknowledge the Queen Lord Ironwood
6%
Called himself High King of the Wastes Lord Loch
6%
One of the remaining lords of Terrasen, refused to acknowledge the Queen Lord Sloane
6%
Part of the travelling troupe Nik
6%
Guard for the Khagan Shen
6%
Goddess of Death Vanth
6%
Short and bald pirate Captain Captain Fairview
5%
One of Arobynn's investors, Valg prince Cormac
5%
One of his ^ men Hen
5%
Former Queen of Melisande Leighfer Bardingale
5%
Head cook in the Glass Castle Meghra
5%
Volunteered her coven to be experimented on, Yellowlegs Ninya
5%
Enquired after 'Lillian' Otho
5%
Captured Valg commander from Melisande Stevan
5%
Mercenary who tried to steal from the above^ Ven
5%
Distantly related Towers woman Yafa Towers
5%
Deceased, part of the Yellowlegs Heir's coven Zelta
5%
Powerful businessman from Melisande Benzo Doneval
4%
The singer's neighbours Jon and Estrel
4%
The singer's daughter Kaleen Goldsmith
4%
The Kings Champion's assassination assignment Lord Nirall
4%
^Housekeeper's wife, healer/midwife Marta
4%
A laundress at Morath, poisoned by the Lady of Perranth Misty
4%
Head Librarian at the Torre Nousha
4%
Deceased brother of ^ Orda
4%
One of the Royal Librarians Sensel
4%
Uncle in the Faliq family, lives in Antica, married to^ Brahim Faliq
3%
Commander of the 24th legion in Noll Commander Jensen
3%
Wife of ^, Deceased. Cybele Faliq
3%
Older guard that possesses near legendary patience Dannan
3%
Part if the dance troupe, absent from the performance Gillyan
3%
Held the Queen of Terrasen while she was whipped Heiron
3%
Hired hansom cab driver Kellan Oppel
3%
The singer's sister Liessa
3%
Father of the mate of ^ Lord Kerrigan
3%
One of the Towers women Marte Towers
3%
One of the Towers women Olgnia Towers
3%
One of the Towers women Rosana Towers
3%
Held the Queen of Terrasen while she was whipped Varik
3%
Sponsered Renault Councilman Garnel
2%
Mother of ^ Dochin
2%
Guard for the Khagan, trained with Hashim
2%
Left in command of the army to fight the Valg during the 2nd war Holdren
2%
Sponsored Grave Lord Urizen
2%
Sponsored Nox Minister Joval
2%
Little girl who made water butterflies Phedre
2%
Ancient healer, planted a tiny magical shard of stone into the brain to enable a paralysed person to walk Saanvi
2%
His kindness made the main character reconsider killing him Sir Carlin
2%
Aunt in the Faliq family, lives in Antica Zahida Faliq
2%
Developed a magical brace Linqin
1%
Talked with the Lady of Perranth in a tavern, bet on the Queen of Terrasen showing up in Wendlyn Vross
1%
No matching quizzes found
Score Distribution
Percent of People with Each Score
Percentile by Number Answered
Your Score History
You have not taken this quiz since the last reset